000 00402nam a2200133Ia 4500
008 220216s9999 xx 000 0 und d
100 _aLlort F M
245 0 _aNon-natural rubber materials in medical devices
260 _bProceedings of the Conference of International Rubber Technology, Kuala Lumpur, 1993
_c1993
300 _a92-98
500 _aSource Year: 1995
856 _uirrdb
942 _cJS
999 _c64015
_d64015